000 00421cam a2200157ua 4500
003 OSt
008 250812b |||||||| |||| 00| 0 eng d
041 _aeng
082 _a627.13
_bLEL/IR
100 _aLeliavsky, Serge .
_96525
245 _aIrrigation engineering: canals and barrages, Vol.1 /
250 _a1 /
260 _aNew Delhi :
_bOxford & IBH Publishing company ,
_c1983.
300 _a297 ; .
942 _cBK
999 _c2466
_d2466